Лексико-стилістичний аналіз мови персонажів роману Гарпер Лі "Вбити пересмішника" (Запис № 285365)

МАРК-запис
000 -LEADER
fixed length control field 01634nam a22001577a 4500
041 ## - LANGUAGE CODE
Language code of text/sound track or separate title ukr
080 ## - UNIVERSAL DECIMAL CLASSIFICATION NUMBER
Universal Decimal Classification number 09
090 ## - LOCALLY ASSIGNED LC-TYPE CALL NUMBER (OCLC); LOCAL CALL NUMBER (OCLC)
Local cutter number (OCLC) ; Book number/undivided call number, CALL (RLIN) ПАС
100 ## - MAIN ENTRY--PERSONAL NAME
Personal name Пасічник, З. Ю.
245 ## - TITLE STATEMENT
Title Лексико-стилістичний аналіз мови персонажів роману Гарпер Лі "Вбити пересмішника"
260 ## - PUBLICATION, DISTRIBUTION, ETC. (IMPRINT)
Place of publication, distribution, etc Острог
Name of publisher, distributor, etc КАФ
Date of publication, distribution, etc 2014
300 ## - PHYSICAL DESCRIPTION
Extent 94
520 ## - SUMMARY, ETC.
Summary, etc Вступ.<br/>Розділ І. Особливості мови художніх текстів.<br/>1.1. Текст як обєкт вивчення лінгвістики<br/>1.2. Властивості художнього стилю мовлення<br/>1.3. Художні тексти у системі мови, їх риси<br/>Розділ ІІ. Характеристика лексико-стилістичних засобів.<br/>2.1. Види класифікації стилістичних фігур та прийомів<br/>2.2. Характеристика стилістичних засобів англійської мови<br/>2.3. Метафора як один із основних тропів<br/>Розділ ІІІ. Лексико-стилістичний аналіз роману Гарпер Лі "Вбити персмішника".<br/>3.1. Стилістичні фігури заміщення<br/>3.2. Стилістичні фігури суміщення<br/>3.3. Синтаксичні стилістичні засоби<br/>Висновки.<br/>Список використаної літератури.<br/>Додатки.
-- стилістика, лексикологія, текст
650 ## - SUBJECT ADDED ENTRY--TOPICAL TERM
Topical term or geographic name as entry element Research Papers
942 ## - ADDED ENTRY ELEMENTS (KOHA)
Koha item type Книги
Фонди
Withdrawn status Lost status Source of classification or shelving scheme Damaged status Not for loan Home library Current library Date acquired Source of acquisition Cost, normal purchase price Total Checkouts Full call number Barcode Date last seen Price effective from Koha item type
    Universal Decimal Classification     ВІЛ - Відділ іноземн. літератури НБ ВІЛ - Відділ іноземн. літератури НБ 17/06/2014 Акт №8 1.00   09 215646 10/11/2021 17/06/2014 Книги